Cantons of Switzerland Quiz Stats

Quiz Updated Dec 30, 2015

Challenge
Share
Tweet
Score 0/26 Timer 08:00
1 Play Today
Cantons % Correct
Bern
95.3%
Zürich
91.7%
Geneva
90.2%
Basel-Stadt
73.9%
Basel-Landschaft
73.8%
Lucerne
66.8%
Uri
66.4%
Zug
64.6%
Vaud
62.5%
Valais
62%
Jura
61.6%
Ticino
60.5%
Fribourg
56%
Cantons % Correct
St. Gallen
54%
Schwyz
52.1%
Neuchâtel
51.2%
Graubünden
50.1%
Aargau
49.4%
Glarus
47.4%
Obwalden
45.5%
Thurgau
44.6%
Solothurn
43.6%
Schaffhausen
43.5%
Nidwalden
42.9%
Appenzell Innerrhoden
41.8%
Appenzell Ausserrhoden
41.5%

You're not logged in!

Compare scores with friends on all Sporcle quizzes.
Sign Up with Email
OR
Log In

You Might Also Like...

Show Comments

Extras

Top Quizzes Today


Score Distribution

Your Account Isn't Verified!

In order to create a playlist on Sporcle, you need to verify the email address you used during registration. Go to your Sporcle Settings to finish the process.